Tennis - Le top 20 du classement ATP au 1er janvier 2001 - Statistiques

Statistiques générales
  • Ce quiz a été pris 7 fois
  • Le résultat moyen est 13 sur 20
Statistiques - réponses
Rang Joueur Pays Âge Points % Correct
6 Andre Agassi États-Unis 30 2 765
100%
1 Gustavo Kuerten Brésil 24 4 195
100%
2 Marat Safin Russie 20 4 120
100%
3 Pete Sampras États-Unis 29 3 385
100%
19 Sébastien Grosjean France 22 1 325
100%
18 Arnaud Clément France 23 1 360
86%
12 Juan Carlos Ferrero Espagne 20 1 840
86%
5 Yevgeny Kafelnikov Russie 26 2 935
86%
16 Cédric Pioline France 31 1 520
71%
7 Lleyton Hewitt Australie 19 2 625
71%
10 Tim Henman Royaume-Uni 26 2 020
71%
11 Mark Philippoussis Australie 24 1 865
57%
15 Patrick Rafter Australie 28 1 535
57%
8 Alex Corretja Espagne 26 2 475
43%
13 Wayne Ferreira Afrique du Sud 29 1 770
43%
17 Dominik Hrbaty Slovaquie 22 1 395
29%
14 Franco Squillari Argentine 25 1 598
29%
4 Magnus Norman Suède 24 3 110
29%
20 Nicolas Kiefer Allemagne 23 1 265
29%
9 Thomas Enqvist Suède 26 2 210
29%
Aucun quiz correspondant
Distribution des résultats
% des personnes avec chaque résultat
Percentile par nombre de réponses
Votre historique - résultats
Vous n’avez pas pris ce quiz